[Event "Lloyds Bank Masters 15th"]
[Site "London"]
[Date "1991.08.22"]
[Round "6"]
[White "Naumkin, Igor"]
[Black "Shirov, Alexei"]
[Result "0-1"]
[WhiteElo "2490"]
[BlackElo "2610"]
[PlyCount "140"]
[EventDate "1991.08.17"]
[EventType "swiss"]
[EventRounds "10"]
[EventCountry "ENG"]
[SourceTitle "BritBase"]
[Source "John Saunders"]
[SourceDate "2023.06.27"]
[SourceVersion "1"]
[SourceVersionDate "2023.06.27"]
[SourceQuality "1"]

1. d4 d5 2. c4 c6 3. cxd5 cxd5 4. Nc3 Nc6 5. Nf3 Nf6 6. Bf4 a6 7. e3 Bg4 8. h3
Bxf3 9. Qxf3 e6 10. Bd3 Bd6 11. Bg5 Qb6 12. Qe2 Nd7 13. Rc1 O-O 14. O-O Rac8
15. f4 Be7 16. Bxe7 Nxe7 17. Rc2 Rc6 18. Rfc1 Rfc8 19. Qf2 f5 20. g4 Qa5 21.
gxf5 exf5 22. Kh2 Nf6 23. Rg1 Kf7 24. Rg5 g6 25. a3 Re8 26. Rg3 Nc8 27. Nb1
Rxc2 28. Qxc2 Qe1 29. Qd2 Qxd2+ 30. Nxd2 Nh5 31. Rf3 Nd6 32. Kg2 Nf6 33. Kf1
Rc8 34. Ke2 Nfe4 35. Kd1 Kg7 36. Rf1 Nxd2 37. Kxd2 Kh6 38. b3 Kh5 39. h4 Rc7
40. Rh1 Ne4+ 41. Bxe4 fxe4 42. a4 b5 43. axb5 axb5 44. Rg1 Kxh4 45. Rg5 b4 46.
Rxd5 Kg4 47. Rb5 h5 48. Rg5+ Kf3 49. f5 gxf5 50. Rxf5+ Kg4 51. Rf4+ Kg3 52.
Rxe4 h4 53. Re8 Rg7 54. d5 h3 55. Rh8 h2 56. Ke2 Rg6 57. Kd3 Rg4 58. d6 Rg6 59.
Kc4 Rxd6 60. Kxb4 Rd1 61. Kc5 h1=Q 62. Rxh1 Rxh1 63. b4 Rc1+ 64. Kd5 Rb1 65.
Kc5 Kg4 66. b5 Kf5 67. b6 Ke6 68. Kc6 Rc1+ 69. Kb7 Kd7 70. e4 Re1 0-1

[Event "Lloyds Bank Masters 15th"]
[Site "London"]
[Date "1991.08.22"]
[Round "6"]
[White "Tozer, Richard JD"]
[Black "Anagnostopoulos, Dimitrios"]
[Result "0-1"]
[WhiteElo "2340"]
[BlackElo "2395"]
[PlyCount "34"]
[EventDate "1991.08.17"]
[EventType "swiss"]
[EventRounds "10"]
[EventCountry "ENG"]
[SourceTitle "BritBase"]
[Source "John Saunders"]
[SourceDate "2023.06.27"]
[SourceVersion "1"]
[SourceVersionDate "2023.06.27"]
[SourceQuality "1"]

1. d4 e6 2. c4 c5 3. d5 Nf6 4. Nc3 d6 5. e4 g6 6. Be2 Bg7 7. Bg5 h6 8. Bf4 exd5
9. exd5 O-O 10. Qd2 Kh7 11. h4 Re8 12. O-O-O b5 13. Bd3 b4 14. Nb5 Qa5 15. Kb1
Ne4 16. Qc2 b3 17. axb3 Na6 0-1

[Event "Lloyds Bank Masters 15th"]
[Site "London"]
[Date "1991.08.22"]
[Round "6"]
[White "Corkett, Anthony R"]
[Black "Mitelman, Gur"]
[Result "1-0"]
[WhiteElo "2325"]
[BlackElo "2240"]
[PlyCount "93"]
[EventDate "1991.08.17"]
[EventType "swiss"]
[EventRounds "10"]
[EventCountry "ENG"]
[SourceTitle "BritBase"]
[Source "John Saunders"]
[SourceDate "2023.06.27"]
[SourceVersion "1"]
[SourceVersionDate "2023.06.27"]
[SourceQuality "1"]

1. d4 Nf6 2. g3 g6 3. Bg2 Bg7 4. Nf3 O-O 5. O-O d6 6. c4 Nc6 7. Nc3 Bf5 8. d5
Na5 9. Nd2 c5 10. e4 Bd7 11. Qc2 a6 12. b3 b5 13. Rb1 Rb8 14. Bb2 e5 15. Ba1 b4
16. Ne2 Nh5 17. f4 Nb7 18. Bf3 f5 19. Rbe1 Qe7 20. Kh1 Rbe8 21. Qd1 Nf6 22. Nc1
fxe4 23. Nxe4 Nxe4 24. Bxe4 Bh3 25. Rg1 Qd7 26. Nd3 Bg4 27. Bf3 Bxf3+ 28. Qxf3
Nd8 29. Re4 exf4 30. Bxg7 Qxg7 31. Rxf4 Rxf4 32. Nxf4 Qe5 33. Rf1 Rf8 34. h4
Qf5 35. Kg2 Qe5 36. Qf2 Qe4+ 37. Kh2 Qf5 38. Kg1 Qg4 39. Qe3 Qf5 40. Rf2 Qb1+
41. Kg2 Qf5 42. Qe7 Qf6 43. Qe3 Qf5 44. Nh3 Qg4 45. Qe7 Rxf2+ 46. Nxf2 Qc8 47.
Ne4 1-0

[Event "Lloyds Bank Masters 15th"]
[Site "London"]
[Date "1991.08.22"]
[Round "6"]
[White "Chandler, Murray G"]
[Black "Anastasian, Ashot"]
[Result "1/2-1/2"]
[WhiteElo "2605"]
[BlackElo "2485"]
[PlyCount "55"]
[EventDate "1991.08.17"]
[EventType "swiss"]
[EventRounds "10"]
[EventCountry "ENG"]
[SourceTitle "BritBase"]
[Source "John Saunders"]
[SourceDate "2023.06.27"]
[SourceVersion "1"]
[SourceVersionDate "2023.06.27"]
[SourceQuality "1"]

1. e4 c5 2. Nf3 d6 3. d4 cxd4 4. Nxd4 Nf6 5. Nc3 a6 6. Be3 e6 7. Be2 Nc6 8. O-O
Be7 9. f4 Qc7 10. Kh1 Bd7 11. Qe1 O-O 12. Qg3 b5 13. Bd3 Nxd4 14. Bxd4 Bc6 15.
e5 Nh5 16. Qh3 g6 17. Rae1 Rad8 18. Re3 Rfe8 19. f5 exf5 20. Rxf5 dxe5 21. Bxe5
Bd6 22. Rxh5 Bxe5 23. Rxh7 Bxc3 24. bxc3 Qf4 25. Rh8+ Kg7 26. Rh7+ Kf6 27.
Rxf7+ Kxf7 28. Qh7+ 1/2-1/2

[Event "Lloyds Bank Masters 15th"]
[Site "London"]
[Date "1991.08.23"]
[Round "7"]
[White "Anagnostopoulos, Dimitrios"]
[Black "Rogers, Ian"]
[Result "1/2-1/2"]
[WhiteElo "2395"]
[BlackElo "2565"]
[PlyCount "100"]
[EventDate "1991.08.17"]
[EventType "swiss"]
[EventRounds "10"]
[EventCountry "ENG"]
[SourceTitle "BritBase"]
[Source "John Saunders"]
[SourceDate "2023.06.27"]
[SourceVersion "1"]
[SourceVersionDate "2023.06.27"]
[SourceQuality "1"]

1. e4 c5 2. Nf3 Nc6 3. d4 cxd4 4. Nxd4 g6 5. c4 Bg7 6. Be3 Nf6 7. Nc3 O-O 8.
Be2 b6 9. O-O Bb7 10. f3 Nh5 11. Kh1 f5 12. exf5 gxf5 13. f4 Nxd4 14. Bxd4 Nf6
15. Bf3 Bxf3 16. Qxf3 Rf7 17. Rad1 Rc8 18. b3 Rc6 19. Be5 Qe8 20. Nb5 Ng4 21.
Bxg7 Rxg7 22. Nxa7 Rh6 23. h3 Nf6 24. Rfe1 Ne4 25. Rxe4 fxe4 26. Qxe4 Qh5 27.
Qd5+ Qxd5 28. Rxd5 e6 29. Rd2 d5 30. Nc8 dxc4 31. bxc4 Rc7 32. Nxb6 Rc6 33. Rb2
Rh4 34. g3 Rxh3+ 35. Kg2 Rh5 36. Nd7 Ra5 37. Ne5 Rc7 38. Kh3 Kg7 39. Rb6 Kf6
40. Nc6 Rxa2 41. Nb4 Raa7 42. Nd5+ Kf5 43. Nxc7 Rxc7 44. Rb5+ Kf6 45. Rh5 Rxc4
46. Rxh7 e5 47. fxe5+ Kxe5 48. Rf7 Ke6 49. Rf1 Rc7 50. g4 Rf7 1/2-1/2

[Event "Lloyds Bank Masters 15th"]
[Site "London"]
[Date "1991.08.23"]
[Round "7"]
[White "Hodgson, Julian M"]
[Black "Bagirov, Vladimir"]
[Result "1/2-1/2"]
[WhiteElo "2570"]
[BlackElo "2485"]
[PlyCount "93"]
[EventDate "1991.08.17"]
[EventType "swiss"]
[EventRounds "10"]
[EventCountry "ENG"]
[SourceTitle "BritBase"]
[Source "John Saunders"]
[SourceDate "2023.06.27"]
[SourceVersion "1"]
[SourceVersionDate "2023.06.27"]
[SourceQuality "1"]

1. d4 d5 2. Bg5 c6 3. Nf3 Qb6 4. Qc1 Bf5 5. c4 e6 6. Nc3 h6 7. c5 Qa5 8. b4
Qxb4 9. Bd2 Qa5 10. Nxd5 Qd8 11. Ne3 Be4 12. Nc4 b6 13. Qb2 Nd7 14. Nfe5 Nxe5
15. Nxe5 f6 16. Nd3 Bxd3 17. exd3 Ne7 18. Be2 Kf7 19. O-O Nd5 20. Rfe1 Qd7 21.
Bf3 Be7 22. Re2 Rhe8 23. a4 Rab8 24. Qc2 Bf8 25. h3 b5 26. axb5 Rxb5 27. Bxh6
gxh6 28. Bh5+ Kg8 29. Bxe8 Qxe8 30. Rxa7 Qg6 31. Qd2 Rb3 32. Rxe6 Rxd3 33. Qa2
Qf5 34. Re1 Rxd4 35. Ra8 Re4 36. Rb1 Qe5 37. Qd2 Kg7 38. Rxf8 Kxf8 39. Qxh6+
Kf7 40. Qh7+ Ke6 41. Qg8+ Kd7 42. Rb7+ Nc7 43. Qh7+ Qe7 44. Qf5+ Qe6 45. Qh7+
Qe7 46. Qf5+ Qe6 47. Qh7+ 1/2-1/2

[Event "Lloyds Bank Masters 15th"]
[Site "London"]
[Date "1991.08.23"]
[Round "7"]
[White "Holmes, Donald A"]
[Black "Ward, Christopher G"]
[Result "0-1"]
[WhiteElo "2270"]
[BlackElo "2435"]
[PlyCount "94"]
[EventDate "1991.08.17"]
[EventType "swiss"]
[EventRounds "10"]
[EventCountry "ENG"]
[SourceTitle "BritBase"]
[Source "John Saunders"]
[SourceDate "2023.06.27"]
[SourceVersion "1"]
[SourceVersionDate "2023.06.27"]
[SourceQuality "1"]

1. e4 c5 2. Nf3 d6 3. d4 cxd4 4. Nxd4 Nf6 5. Nc3 g6 6. Be3 Bg7 7. f3 O-O 8. Qd2
Nc6 9. Bc4 Bd7 10. h4 Qa5 11. h5 Ne5 12. Bb3 Nxh5 13. O-O-O Rfc8 14. g4 Nf6 15.
Bh6 Bxh6 16. Rxh6 Rxc3 17. Qxc3 Qxc3 18. bxc3 Rc8 19. Kd2 Kg7 20. Rh4 g5 21.
Rh2 Rc5 22. Re1 e6 23. Re3 a5 24. a3 a4 25. Ba2 Bb5 26. Nxb5 Rxb5 27. Rh1 Rb2
28. Ra1 h5 29. gxh5 Nxh5 30. c4 Nf4 31. Kc3 Rb6 32. Rb1 Rxb1 33. Bxb1 Ng2 34.
Re2 Nh4 35. f4 gxf4 36. Rh2 Nhf3 37. Rf2 Kh6 38. Ba2 Kh5 39. c5 dxc5 40. Bc4
Kh4 41. Bf1 Ng5 42. Rh2+ Kg4 43. Rg2+ Kh5 44. Rh2+ Kg6 45. Bd3 f3 46. Rh4 f2
47. Bf1 Nef3 0-1

[Event "Lloyds Bank Masters 15th"]
[Site "London"]
[Date "1991.08.23"]
[Round "7"]
[White "Howell, James C"]
[Black "Kengis, Edvins"]
[Result "0-1"]
[WhiteElo "2445"]
[BlackElo "2575"]
[PlyCount "104"]
[EventDate "1991.08.17"]
[EventType "swiss"]
[EventRounds "10"]
[EventCountry "ENG"]
[SourceTitle "BritBase"]
[Source "John Saunders"]
[SourceDate "2023.06.27"]
[SourceVersion "1"]
[SourceVersionDate "2023.06.27"]
[SourceQuality "1"]

1. e4 Nf6 2. e5 Nd5 3. Nf3 d6 4. d4 dxe5 5. Nxe5 g6 6. Bc4 c6 7. O-O Bg7 8. Re1
O-O 9. Bb3 Be6 10. c3 Nd7 11. Nf3 Nc7 12. Bxe6 Nxe6 13. Qb3 Qb6 14. Qc4 c5 15.
d5 Nc7 16. Rxe7 Qd6 17. Re1 Qxd5 18. Na3 Nb6 19. Qxd5 Ncxd5 20. Bg5 h6 21. Bd2
Na4 22. Rab1 Rfe8 23. Kf1 a6 24. Nc4 b5 25. Ne3 Red8 26. Rec1 Nf6 27. c4 Ne4
28. Rc2 Rd3 29. Be1 Re8 30. Nd2 Nd6 31. Ke2 Rdxe3+ 32. fxe3 Nf5 33. Bf2 Nd4+
34. Kd1 Nxc2 35. Kxc2 f5 36. a3 Kf7 37. b3 Nc3 38. Rf1 h5 39. h3 Ne4 40. Nxe4
Rxe4 41. cxb5 axb5 42. Rd1 Bh6 43. Kd3 Ke6 44. Ke2 Bg5 45. Kf3 h4 46. Rd2 Bf6
47. Ra2 Kd5 48. a4 b4 49. a5 c4 50. bxc4+ Kxc4 51. a6 b3 52. Ra4+ Kb5 0-1

[Event "Lloyds Bank Masters 15th"]
[Site "London"]
[Date "1991.08.23"]
[Round "7"]
[White "Knott, Simon John Bradley"]
[Black "Gurevich, Ilya"]
[Result "0-1"]
[WhiteElo "2340"]
[BlackElo "2495"]
[PlyCount "160"]
[EventDate "1991.08.17"]
[EventType "swiss"]
[EventRounds "10"]
[EventCountry "ENG"]
[SourceTitle "BritBase"]
[Source "John Saunders"]
[SourceDate "2023.06.27"]
[SourceVersion "1"]
[SourceVersionDate "2023.06.27"]
[SourceQuality "1"]

1. c4 c5 2. Nf3 Nc6 3. d4 cxd4 4. Nxd4 Nf6 5. Nc3 e6 6. g3 Qb6 7. Nb3 Ne5 8. e4
Bb4 9. Qe2 Qc6 10. Bd2 d6 11. f4 Bxc3 12. Bxc3 Nxe4 13. Bg2 Nxc4 14. Bxe4 d5
15. Bg2 O-O 16. O-O Bd7 17. Rad1 Rfe8 18. Rfe1 Rac8 19. Kh1 Nd6 20. Qd2 Qa6 21.
f5 Nxf5 22. g4 Nh4 23. Qd4 f6 24. Nc5 Qc6 25. Nxd7 Qxd7 26. Qf2 Nxg2 27. Qxg2
h6 28. Rd4 Rcd8 29. Red1 Qf7 30. h4 Rd7 31. Kg1 Red8 32. Rf4 Qg6 33. Rfd4 Qf7
34. Rf4 Qg6 35. Rfd4 Kh7 36. g5 e5 37. Rxd5 Rxd5 38. Rxd5 Rxd5 39. Qxd5 hxg5
40. hxg5 Qxg5+ 41. Kf2 Qf5+ 42. Ke3 b6 43. Qf7 e4 44. Qxa7 Qf3+ 45. Kd2 e3+ 46.
Kc2 Qe4+ 47. Kd1 e2+ 48. Ke1 Qf3 49. Kd2 Qf1 50. Ke3 e1=Q+ 51. Bxe1 Qxe1+ 52.
Kd3 Qb4 53. b3 f5 54. Qb7 Kh6 55. Qh1+ Kg5 56. Qg1+ Kf6 57. Qa1+ Kf7 58. Qe5
Qc5 59. Qf4 Ke6 60. Qg5 Qd5+ 61. Kc2 Qe4+ 62. Kc3 Qe5+ 63. Kc2 f4 64. Qg6+ Qf6
65. Qe8+ Kf5 66. a4 f3 67. Qe3 Kg4 68. Qg1+ Kf4 69. Qc1+ Ke4 70. Qe1+ Kd5 71.
Qd2+ Kc6 72. Qf2 g5 73. b4 g4 74. b5+ Kb7 75. Kb3 Qf4 76. Qe1 Qf7+ 77. Kb4 f2
78. Qe4+ Ka7 79. a5 f1=Q 80. axb6+ Kb8 0-1

[Event "Lloyds Bank Masters 15th"]
[Site "London"]
[Date "1991.08.23"]
[Round "7"]
[White "McDonald, Neil R"]
[Black "Canfell, Gregory"]
[Result "0-1"]
[WhiteElo "2390"]
[BlackElo "2355"]
[PlyCount "100"]
[EventDate "1991.08.17"]
[EventType "swiss"]
[EventRounds "10"]
[EventCountry "ENG"]
[SourceTitle "BritBase"]
[Source "John Saunders"]
[SourceDate "2023.06.27"]
[SourceVersion "1"]
[SourceVersionDate "2023.06.27"]
[SourceQuality "1"]

1. e4 c5 2. Nf3 e6 3. d4 cxd4 4. Nxd4 Nf6 5. Nc3 d6 6. Be2 Be7 7. O-O O-O 8. f4
Nc6 9. Be3 Qc7 10. Kh1 a6 11. Qe1 Nxd4 12. Bxd4 e5 13. fxe5 dxe5 14. Qg3 Bd6
15. Be3 Ne8 16. Nd5 Qxc2 17. Bh6 Kh8 18. Bd3 Qxb2 19. Rab1 Qxa2 20. Ra1 Qb2 21.
Be3 Qb3 22. Bg1 Be6 23. Rfb1 Bxd5 24. Rxb3 Bxb3 25. Bb6 Nf6 26. Rf1 Be6 27. Ba5
Rac8 28. h3 Nh5 29. Qh4 g6 30. Bd2 Kg7 31. Be2 Nf4 32. Bg4 Bxg4 33. Qxg4 Rc2
34. Qd1 Rc6 35. Qb3 b5 36. Qf3 Rc4 37. Ra1 Rd8 38. Rxa6 Bc7 39. Ra2 Rd3 40. Qf1
Rcd4 41. Qc1 Bd6 42. Kh2 Rxe4 43. Qb1 Red4 44. Bxf4 exf4 45. Qxb5 f3+ 46. Kg1
fxg2 47. h4 Rg3 48. Qb2 Rgg4 49. Ra1 Be5 50. Re1 Rde4 0-1

[Event "Lloyds Bank Masters 15th"]
[Site "London"]
[Date "1991.08.23"]
[Round "7"]
[White "Petrosian, Arshak B"]
[Black "Pein, Malcolm"]
[Result "1/2-1/2"]
[WhiteElo "2505"]
[BlackElo "2440"]
[PlyCount "24"]
[EventDate "1991.08.17"]
[EventType "swiss"]
[EventRounds "10"]
[EventCountry "ENG"]
[SourceTitle "BritBase"]
[Source "John Saunders"]
[SourceDate "2023.06.27"]
[SourceVersion "1"]
[SourceVersionDate "2023.06.27"]
[SourceQuality "1"]

1. d4 f5 2. Nf3 Nf6 3. g3 e6 4. Bg2 Be7 5. O-O O-O 6. c4 d6 7. Nc3 Qe8 8. Qc2
Qh5 9. e4 e5 10. dxe5 dxe5 11. Nd5 Nxd5 12. cxd5 Bd6 1/2-1/2

[Event "Lloyds Bank Masters 15th"]
[Site "London"]
[Date "1991.08.23"]
[Round "7"]
[White "Shabalov, Alexander"]
[Black "Arkell, Keith C"]
[Result "1-0"]
[WhiteElo "2535"]
[BlackElo "2455"]
[PlyCount "43"]
[EventDate "1991.08.17"]
[EventType "swiss"]
[EventRounds "10"]
[EventCountry "ENG"]
[SourceTitle "BritBase"]
[Source "John Saunders"]
[SourceDate "2023.06.27"]
[SourceVersion "1"]
[SourceVersionDate "2023.06.27"]
[SourceQuality "1"]

1. e4 c6 2. d4 d5 3. e5 c5 4. dxc5 Nc6 5. Bb5 Qa5+ 6. Nc3 e6 7. Be3 Nge7 8. Nf3
Nf5 9. a3 Nxe3 10. fxe3 Qc7 11. e4 dxe4 12. Nxe4 Bxc5 13. Nxc5 Qa5+ 14. b4 Qxb5
15. Qd6 a5 16. Kf2 Ne7 17. Rhd1 Nd5 18. c4 Qxc4 19. Rac1 Qa2+ 20. Kg3 axb4 21.
Na6 bxa6 22. Rc7 1-0

[Event "Lloyds Bank Masters 15th"]
[Site "London"]
[Date "1991.08.23"]
[Round "7"]
[White "Svidler, Peter"]
[Black "Mannion, Stephen R"]
[Result "1/2-1/2"]
[WhiteElo "2460"]
[BlackElo "2345"]
[PlyCount "146"]
[EventDate "1991.08.17"]
[EventType "swiss"]
[EventRounds "10"]
[EventCountry "ENG"]
[SourceTitle "BritBase"]
[Source "John Saunders"]
[SourceDate "2023.06.27"]
[SourceVersion "1"]
[SourceVersionDate "2023.06.27"]
[SourceQuality "1"]

1. e4 e5 2. Nf3 Nc6 3. Bc4 Bc5 4. c3 Nf6 5. d3 d6 6. Nbd2 a6 7. Bb3 Ba7 8. O-O
Ne7 9. d4 Ng6 10. Re1 O-O 11. h3 Re8 12. Bc2 Qe7 13. Nc4 c5 14. dxc5 dxc5 15.
Ne3 Nf4 16. c4 Bb6 17. Nd5 N4xd5 18. exd5 Qd6 19. Bg5 Ba5 20. Re3 Bd7 21. Bh4
e4 22. Bg3 Qb6 23. Rb3 Qd8 24. Nd2 b5 25. Re3 Bf5 26. b3 Bg6 27. Rb1 Nh5 28.
Bh2 f5 29. Qe2 f4 30. Rxe4 Bxe4 31. Nxe4 Nf6 32. Bxf4 Nxe4 33. Bxe4 Qe7 34. f3
Bc7 35. d6 Bxd6 36. Bd5+ Kh8 37. Qxe7 Bxe7 38. Bxa8 Rxa8 39. Re1 Bf6 40. Re6
Kg8 41. Be3 bxc4 42. bxc4 a5 43. Rb6 Re8 44. Kf2 Bh4+ 45. Ke2 Bg5 46. Rb3 a4
47. Ra3 Kf7 48. Kd2 Rd8+ 49. Kc2 Bxe3 50. Rxe3 Kf6 51. Ra3 Ke5 52. Rxa4 Kd4 53.
Ra7 g5 54. Rxh7 Ra8 55. Kb2 Rb8+ 56. Kc1 Ra8 57. Rg7 Rxa2 58. Rxg5 Kc3 59. Kd1
Kxc4 60. h4 Kd3 61. Rxc5 Rxg2 62. Rd5+ Ke3 63. Rf5 Rh2 64. h5 Ra2 65. h6 Rd2+
66. Kc1 Rh2 67. Rf6 Kd3 68. Re6 Rh3 69. f4 Rh2 70. Rg6 Ke4 71. Rf6 Kf3 72. Kd1
Ke3 73. Kc1 Kf3 1/2-1/2

[Event "Lloyds Bank Masters 15th"]
[Site "London"]
[Date "1991.08.23"]
[Round "7"]
[White "Thipsay, Praveen Mahadeo"]
[Black "Karolyi, Tibor Jr"]
[Result "1-0"]
[WhiteElo "2490"]
[BlackElo "2365"]
[PlyCount "79"]
[EventDate "1991.08.17"]
[EventType "swiss"]
[EventRounds "10"]
[EventCountry "ENG"]
[SourceTitle "BritBase"]
[Source "John Saunders"]
[SourceDate "2023.06.27"]
[SourceVersion "1"]
[SourceVersionDate "2023.06.27"]
[SourceQuality "1"]

1. e4 e5 2. Nf3 Nc6 3. Bb5 a6 4. Ba4 Nf6 5. O-O Be7 6. Re1 b5 7. Bb3 d6 8. c3
O-O 9. h3 Na5 10. Bc2 c5 11. d4 Qc7 12. Nbd2 cxd4 13. cxd4 Bb7 14. d5 Bc8 15.
Nf1 Bd7 16. Ng3 Rfc8 17. Bd3 Nb7 18. Be3 Nc5 19. Rc1 Qb8 20. Bb1 a5 21. Nh4 g6
22. Nf3 Na4 23. Qd2 b4 24. Bd3 Bd8 25. b3 Rxc1 26. Qxc1 Nc3 27. a4 Bb6 28. Bg5
Ne8 29. Nd2 Qa7 30. Rf1 Bc8 31. Nc4 Bd4 32. Qd2 Qc7 33. Ne2 Nxe2+ 34. Qxe2 Ba6
35. Nxe5 Bxd3 36. Nxd3 Qc3 37. Rb1 Nf6 38. Qd1 Qc7 39. Qf3 Qe7 40. e5 1-0

[Event "Lloyds Bank Masters 15th"]
[Site "London"]
[Date "1991.08.23"]
[Round "7"]
[White "Vaisser, Anatoly"]
[Black "Hebden, Mark L"]
[Result "1/2-1/2"]
[WhiteElo "2565"]
[BlackElo "2485"]
[PlyCount "101"]
[EventDate "1991.08.17"]
[EventType "swiss"]
[EventRounds "10"]
[EventCountry "ENG"]
[SourceTitle "BritBase"]
[Source "John Saunders"]
[SourceDate "2023.06.27"]
[SourceVersion "1"]
[SourceVersionDate "2023.06.27"]
[SourceQuality "1"]

1. d4 Nf6 2. c4 g6 3. Nc3 Bg7 4. e4 d6 5. f4 O-O 6. Nf3 Na6 7. e5 Nd7 8. Qe2 c5
9. d5 Nb6 10. h4 e6 11. h5 exd5 12. hxg6 hxg6 13. cxd5 Nb4 14. a3 N4xd5 15. Ne4
dxe5 16. fxe5 Bg4 17. Bh6 Bxh6 18. Rxh6 Qe7 19. Neg5 Qxg5 20. Nxg5 Bxe2 21.
Bxe2 Rfe8 22. e6 f6 23. Rxg6+ Kf8 24. Bb5 fxg5 25. Bxe8 Rxe8 26. O-O-O Ke7 27.
Rxg5 Kd6 28. Rg7 Kc6 29. e7 Nxe7 30. Re1 Nbd5 31. g4 Kd6 32. Rd1 Ke6 33. Rh7
Rg8 34. Rh6+ Kd7 35. Rh5 Kc6 36. Rh6+ Kb5 37. Rh5 Kc4 38. g5 a5 39. Rh4+ Kb5
40. a4+ Kc6 41. Rh6+ Ng6 42. Rf1 c4 43. Rf6+ Nxf6 44. gxf6 Kc5 45. f7 Rf8 46.
Rxg6 Rxf7 47. Rg5+ Kb4 48. Rb5+ Kxa4 49. Rb6 Rf5 50. Rxb7 Rb5 51. Rh7 1/2-1/2

[Event "Lloyds Bank Masters 15th"]
[Site "London"]
[Date "1991.08.23"]
[Round "7"]
[White "Morris, Philip J"]
[Black "Corkett, Anthony R"]
[Result "1/2-1/2"]
[WhiteElo "2385"]
[BlackElo "2325"]
[PlyCount "130"]
[EventDate "1991.08.17"]
[EventType "swiss"]
[EventRounds "10"]
[EventCountry "ENG"]
[SourceTitle "BritBase"]
[Source "John Saunders"]
[SourceDate "2023.06.27"]
[SourceVersion "1"]
[SourceVersionDate "2023.06.27"]
[SourceQuality "1"]

1. e4 c5 2. Nf3 Nc6 3. d4 cxd4 4. Nxd4 g6 5. c4 Bg7 6. Be3 Nf6 7. Nc3 O-O 8.
Be2 d6 9. O-O Bd7 10. Rc1 Nxd4 11. Bxd4 Bc6 12. f3 a5 13. b3 Nd7 14. Be3 Nc5
15. a3 Qb6 16. Nb5 Bxb5 17. cxb5 Qd8 18. Bc4 e6 19. Qd2 a4 20. b4 Nb3 21. Bxb3
axb3 22. Rb1 Rxa3 23. Qd3 Qf6 24. Rfc1 Rfa8 25. Rxb3 Rxb3 26. Qxb3 Ra1 27. Qc4
Rxc1+ 28. Bxc1 Qd4+ 29. Qxd4 Bxd4+ 30. Kf1 Bc3 31. Ba3 f5 32. Ke2 fxe4 33. fxe4
Kf7 34. Kd3 Be5 35. h3 Kf6 36. Bc1 h5 37. Bd2 d5 38. exd5 exd5 39. g4 hxg4 40.
hxg4 Bb2 41. Bf4 Ba1 42. Bh6 Ke6 43. Bf4 Bf6 44. Bd2 Be5 45. Be1 Bh2 46. Kd4
Bf4 47. Kd3 Kf6 48. Bh4+ Ke5 49. Bd8 Bh6 50. Bc7+ Ke6 51. Bg3 Bg5 52. Be1 Ke5
53. Bg3+ Bf4 54. Bf2 Bh2 55. Bb6 Kf6 56. Bd8+ Ke6 57. Bh4 Bg1 58. Bg3 Kf6 59.
Bh4+ Ke5 60. Bg3+ Ke6 61. Be1 Bb6 62. Bg3 Bd8 63. Be1 Bg5 64. Kd4 Bf6+ 65. Kd3
Be5 1/2-1/2

[Event "Lloyds Bank Masters 15th"]
[Site "London"]
[Date "1991.08.24"]
[Round "8"]
[White "Canfell, Gregory"]
[Black "Cavendish, James"]
[Result "1/2-1/2"]
[WhiteElo "2355"]
[BlackElo "2310"]
[PlyCount "73"]
[EventDate "1991.08.17"]
[EventType "swiss"]
[EventRounds "10"]
[EventCountry "ENG"]
[SourceTitle "BritBase"]
[Source "John Saunders"]
[SourceDate "2023.06.27"]
[SourceVersion "1"]
[SourceVersionDate "2023.06.27"]
[SourceQuality "1"]

1. e4 c5 2. Nf3 Nc6 3. d4 cxd4 4. Nxd4 Qc7 5. Nc3 e6 6. Be2 a6 7. O-O Nf6 8.
Kh1 Nxd4 9. Qxd4 Bc5 10. Qd3 h5 11. f4 Ng4 12. e5 d6 13. Ne4 d5 14. Nxc5 Qxc5
15. Qg3 Qxc2 16. Bxg4 hxg4 17. Qxg4 Qh7 18. h3 O-O 19. Be3 Bd7 20. Rac1 Rfc8
21. Bc5 Bb5 22. Rfe1 Bc4 23. b4 Bxa2 24. Qg5 Rc6 25. Qe7 Rac8 26. Qxb7 d4 27.
Qe7 Bd5 28. Kh2 Qf5 29. Qh4 a5 30. Rcd1 axb4 31. Bxb4 Rc2 32. Rd2 Rb8 33. Ba5
d3 34. Re3 g6 35. Rg3 Rbb2 36. Rgxd3 Qxd3 37. Qd8+ 1/2-1/2

[Event "Lloyds Bank Masters 15th"]
[Site "London"]
[Date "1991.08.24"]
[Round "8"]
[White "Emms, John M"]
[Black "Petrosian, Arshak B"]
[Result "1-0"]
[WhiteElo "2425"]
[BlackElo "2505"]
[PlyCount "129"]
[EventDate "1991.08.17"]
[EventType "swiss"]
[EventRounds "10"]
[EventCountry "ENG"]
[SourceTitle "BritBase"]
[Source "John Saunders"]
[SourceDate "2023.06.27"]
[SourceVersion "1"]
[SourceVersionDate "2023.06.27"]
[SourceQuality "1"]

1. e4 c5 2. Nf3 d6 3. d4 cxd4 4. Nxd4 Nf6 5. Nc3 a6 6. Bc4 e6 7. Bb3 Nbd7 8. f4
Nc5 9. e5 dxe5 10. fxe5 Nfd7 11. Bf4 b5 12. Qe2 Bb7 13. O-O-O b4 14. Na4 Nxb3+
15. axb3 Qc7 16. Rhf1 Nc5 17. Nf5 exf5 18. e6 Nxb3+ 19. Kb1 Qc6 20. Nb6 Qxe6
21. Rfe1 Nc5 22. Nxa8 Qxe2 23. Rxe2+ Ne4 24. Nc7+ Ke7 25. g4 g6 26. Be5 f6 27.
Bd6+ Kd7 28. Bf4+ Kc8 29. Ne6 Be7 30. gxf5 gxf5 31. Ng7 Bc5 32. Nxf5 Re8 33.
Rde1 Kd7 34. Ng3 Nd6 35. Rxe8 Nxe8 36. Rd1+ Ke6 37. Rd8 Ke7 38. Rb8 Bd5 39.
Nf5+ Kd7 40. Ne3 Be4 41. Nc4 f5 42. Nb6+ Ke7 43. Na4 Bg1 44. Rxb4 Ng7 45. Nc3
Bf3 46. Ra4 Ne6 47. Be5 Nc5 48. Rh4 Ke6 49. Bd4 Bxd4 50. Rxd4 Ke5 51. Rc4 Ne6
52. Kc1 f4 53. Kd2 Bb7 54. Rb4 Bg2 55. Ra4 Bb7 56. Rb4 Bg2 57. Rb6 f3 58. Ke3
Nd4 59. Rxa6 Nxc2+ 60. Kf2 Nb4 61. Ra5+ Kd4 62. Ra4 Kc5 63. Nd1 Kc4 64. Ra7 Kd3
65. Ne3 1-0

[Event "Lloyds Bank Masters 15th"]
[Site "London"]
[Date "1991.08.24"]
[Round "8"]
[White "Gurevich, Ilya"]
[Black "Zueger, Beat"]
[Result "1/2-1/2"]
[WhiteElo "2495"]
[BlackElo "2430"]
[PlyCount "107"]
[EventDate "1991.08.17"]
[EventType "swiss"]
[EventRounds "10"]
[EventCountry "ENG"]
[SourceTitle "BritBase"]
[Source "John Saunders"]
[SourceDate "2023.06.27"]
[SourceVersion "1"]
[SourceVersionDate "2023.06.27"]
[SourceQuality "1"]

1. e4 e6 2. d4 d5 3. Nd2 Nf6 4. e5 Nfd7 5. c3 c5 6. Ndf3 Nc6 7. Bd3 cxd4 8.
cxd4 f6 9. exf6 Nxf6 10. Ne2 Bd6 11. O-O O-O 12. Bf4 Bxf4 13. Nxf4 Ne4 14. Qc1
Ng5 15. Nxg5 Qxg5 16. Ne2 Qf6 17. Qe3 Bd7 18. Rac1 Rac8 19. a3 a6 20. b4 Na7
21. Nc3 h6 22. Rfd1 Qf4 23. Qxf4 Rxf4 24. a4 Rff8 25. b5 axb5 26. axb5 b6 27.
Kf1 Rc7 28. Ke2 Nc8 29. Na4 Ra7 30. Ra1 Nd6 31. Nc3 Rfa8 32. Rxa7 Rxa7 33. Kd2
Ra5 34. Rb1 g5 35. Kc2 Kg7 36. Rb3 Be8 37. Kb2 Kf6 38. Ra3 Rxa3 39. Kxa3 Bg6
40. Be2 Ke7 41. Na4 Nc8 42. Kb4 Bc2 43. Nb2 Nd6 44. Kc3 Bg6 45. Na4 Nc8 46. Kd2
Nd6 47. Kc3 Nc8 48. g3 Kf6 49. Bf1 Ke7 50. Kd2 Nd6 51. g4 Be8 52. Nc3 Bg6 53.
Ke3 Bc2 54. f3 1/2-1/2